000
00270cam a22001097a 4500
008
180718b xxu||||| |||| 00| 0 eng d
082
_a
Y26x42 P759
245
_a
A fuel policy for Britain
260
_a
London
_b
PEP
_c
300
_a
235p.
650
_a
Fuel trade --Great Britain
999
_c
501638
_d
501638